000
00415nam a2200133Ia 4500
008
100122s9999 xx 000 0 und d
082
_b
75524
100
_a
लेखक शोधणे
245
_a
कोकणातल्या आडवाटा
250
_a
1
630
_a
कोकणातल्या आडवाटा
730
_a
कोकणातल्या आडवाटा
942
_c
BOOK
999
_c
391719
_d
391716